[Event "San Francisco TNM Summer op"]
[Site "San Francisco"]
[Date "2015.06.09"]
[Round "3"]
[White "Aquino, Pat"]
[Black "Senthilkumar, Pranav"]
[Result "0-1"]
[WhiteElo "1514"]
[BlackElo "1948"]
[PlyCount "70"]
[EventDate "2015.05.26"]
[EventType "swiss"]
[EventRounds "8"]
[EventCountry "USA"]
[SourceTitle "EXT 2016"]
[Source "ChessBase"]
[SourceDate "2015.10.08"]
[SourceVersion "1"]
[SourceVersionDate "2015.10.08"]
[SourceQuality "1"]

1. e4 c5 2. f4 Nc6 3. Nf3 g6 4. Nc3 Bg7 5. Bb5 e6 6. 0-0 Nge7 7. e5 d5 8. exd6 Qxd6 9. Ne4 Qd8 10. Kh1 b6 11. d3 0-0 12. Re1 Bb7 13. c3 Qc7 14. Neg5 h6 15. Nh3 a6 16. Ba4 Rad8 17. Bc2 b5 18. a4 b4 19. Bd2 Nd5 20. c4 Nde7 21. Rb1 Nf5 22. Be3 Nxe3 23. Rxe3 Ne7 24. Qf1 Nf5 25. Ree1 Nd4 26. Bd1 Nxf3 27. Bxf3 Bxf3 28. Qxf3 Qd7 29. Nf2 Qxa4 30. b3 Qd7 31. Ne4 Qc7 32. Rbd1 Rd4 33. Re2 Rfd8 34. Red2 f5 35. Nf2 Qxf4 0-1

[Event "San Francisco TNM Spring op"]
[Site "San Francisco"]
[Date "2015.04.28"]
[Round "7"]
[White "Gurovich, Roman"]
[Black "Aquino, Pat"]
[Result "1-0"]
[WhiteElo "1603"]
[BlackElo "1514"]
[PlyCount "61"]
[EventDate "2015.03.17"]
[EventType "swiss"]
[EventRounds "8"]
[EventCountry "USA"]
[SourceTitle "EXT 2016"]
[Source "ChessBase"]
[SourceDate "2015.10.08"]
[SourceVersion "1"]
[SourceVersionDate "2015.10.08"]
[SourceQuality "1"]

1. d4 g6 2. Nc3 d6 3. f3 Bg7 4. e4 f5 5. Bg5 fxe4 6. fxe4 c6 7. Qd2 Qb6 8. 0-0-0 Nd7 9. Bc4 Qc7 10. Nh3 h6 11. Bxg8 Rxg8 12. Bxh6 Bf6 13. Bg5 b6 14. Bxf6 Nxf6 15. Ng5 Bg4 16. Rde1 0-0-0 17. h3 Bd7 18. e5 dxe5 19. Rxe5 Rde8 20. Rhe1 Rg7 21. Ne6 Bxe6 22. Rxe6 Qd7 23. Qe2 Nd5 24. Qf3 Kd8 25. Nb1 Rgg8 26. Qe4 Rgf8 27. Rxg6 Rf4 28. Qe5 Kc8 29. Nc3 Rf5 30. Qe6 Rf2 31. Qxc6+ 1-0

[Event "San Francisco TNM Spring op"]
[Site "San Francisco"]
[Date "2015.04.21"]
[Round "6"]
[White "Aquino, Pat"]
[Black "Hakobyan, Sos"]
[Result "0-1"]
[WhiteElo "1514"]
[BlackElo "1885"]
[PlyCount "70"]
[EventDate "2015.03.17"]
[EventType "swiss"]
[EventRounds "8"]
[EventCountry "USA"]
[SourceTitle "EXT 2016"]
[Source "ChessBase"]
[SourceDate "2015.10.08"]
[SourceVersion "1"]
[SourceVersionDate "2015.10.08"]
[SourceQuality "1"]

1. e4 e6 2. c4 c5 3. Nc3 Nc6 4. Nf3 g6 5. d4 cxd4 6. Nxd4 Bg7 7. Ndb5 Be5 8. Be3 a6 9. Nd6+ Kf8 10. h4 h5 11. Be2 Kg7 12. g4 hxg4 13. Qd2 Nf6 14. Bg5 Qe7 15. 0-0-0 Bxd6 16. Bxf6+ Qxf6 17. Qxd6 Rxh4 18. Nd5 Qg5+ 19. Qf4 Qxf4+ 20. Nxf4 Rxh1 21. Rxh1 e5 22. Nd5 d6 23. Nb6 Rb8 24. Nxc8 Rxc8 25. Bxg4 Rc7 26. Kd2 Nd4 27. b3 Kf6 28. Kd3 b5 29. Rc1 Kg5 30. Rg1 Kf4 31. Bd1 f5 32. exf5 gxf5 33. Rg6 Rc6 34. c5 dxc5 35. Rxc6 Nxc6 0-1

[Event "San Francisco TNM Spring op"]
[Site "San Francisco"]
[Date "2015.04.07"]
[Round "4"]
[White "Aquino, Pat"]
[Black "Khristoforov, Sergey"]
[Result "0-1"]
[WhiteElo "1514"]
[BlackElo "1977"]
[PlyCount "42"]
[EventDate "2015.03.17"]
[EventType "swiss"]
[EventRounds "8"]
[EventCountry "USA"]
[SourceTitle "EXT 2016"]
[Source "ChessBase"]
[SourceDate "2015.10.08"]
[SourceVersion "1"]
[SourceVersionDate "2015.10.08"]
[SourceQuality "1"]

1. e4 c6 2. d4 d5 3. Nc3 dxe4 4. Nxe4 Bf5 5. Nc3 e6 6. Nf3 Nd7 7. Bd3 Bg4 8. h3 Bh5 9. g4 Bg6 10. Bxg6 hxg6 11. Ne4 Ngf6 12. Qd3 Nxg4 13. Bf4 Ndf6 14. Bg3 Nxe4 15. Qxe4 Qa5+ 16. c3 Nf6 17. Qc2 Qd5 18. Qe2 Ne4 19. Bf4 g5 20. Be3 g4 21. Ne5 Ng3 0-1

[Event "San Francisco TNM Fall op"]
[Site "San Francisco"]
[Date "2014.11.18"]
[Round "4"]
[White "Bekhtur, Bayaraa"]
[Black "Aquino, Pat"]
[Result "1-0"]
[WhiteElo "1798"]
[BlackElo "1609"]
[PlyCount "79"]
[EventDate "2014.10.21"]
[EventType "swiss"]
[EventRounds "8"]
[EventCountry "USA"]
[SourceTitle "EXT 2016"]
[Source "ChessBase"]
[SourceDate "2015.10.08"]
[SourceVersion "1"]
[SourceVersionDate "2015.10.08"]
[SourceQuality "1"]

1. e4 d5 2. exd5 Qxd5 3. Nc3 Qa5 4. Nf3 Nf6 5. Be2 Bg4 6. 0-0 c6 7. h3 Bh5 8. g4 Bg6 9. d4 e6 10. Ne5 Bd6 11. Bf4 Qc7 12. Bf3 Nbd7 13. Qe2 0-0-0 14. a4 Rde8 15. a5 a6 16. Na4 Kb8 17. Nb6 Bxe5 18. dxe5 Nd5 19. Nxd5 exd5 20. Ra3 Nxe5 21. Bg2 Ka8 22. Rb3 Qe7 23. Re1 f6 24. Bd2 Qd7 25. Be3 Re7 26. Bc5 Re6 27. Re3 Rhe8 28. b3 d4 29. Rd1 d3 30. cxd3 Bxd3 31. Rdxd3 Nxd3 32. Qxd3 Qxd3 33. Rxd3 Rc8 34. Rc3 Rd8 35. Bb6 Rd2 36. Bf3 h6 37. Kg2 Re8 38. Rxc6 Rf8 39. Rc7 Rb8 40. Rxg7 1-0

[Event "San Francisco TNM Fall op"]
[Site "San Francisco"]
[Date "2014.10.21"]
[Round "1"]
[White "Aquino, Pat"]
[Black "Sherwood, Peter"]
[Result "0-1"]
[WhiteElo "1609"]
[BlackElo "1722"]
[PlyCount "98"]
[EventDate "2014.10.21"]
[EventType "swiss"]
[EventRounds "8"]
[EventCountry "USA"]
[SourceTitle "EXT 2016"]
[Source "ChessBase"]
[SourceDate "2015.10.08"]
[SourceVersion "1"]
[SourceVersionDate "2015.10.08"]
[SourceQuality "1"]

1. e4 c5 2. f4 Nc6 3. Nf3 g6 4. Nc3 Bg7 5. a3 e6 6. Bb5 Nge7 7. d3 0-0 8. Be3 Nd4 9. Ba4 Nec6 10. 0-0 d6 11. Ng5 a6 12. Bxc6 bxc6 13. Rb1 Rb8 14. b3 h6 15. Nh3 a5 16. e5 Nf5 17. Bf2 dxe5 18. Bxc5 Re8 19. Ne4 exf4 20. Rxf4 e5 21. Rf2 Bf8 22. Bxf8 Rxf8 23. Qd2 Qh4 24. Qxa5 Re8 25. Qc7 Bb7 26. Nd6 Nxd6 27. Qxd6 Qe7 28. Qf6 Qxf6 29. Rxf6 c5 30. Rb6 Bd5 31. Rxb8 Rxb8 32. Nf2 f5 33. Re1 Re8 34. a4 Kf7 35. Nd1 Ke6 36. Ne3 Rd8 37. a5 Ra8 38. Ra1 e4 39. Nc4 Bxc4 40. dxc4 Ke5 41. c3 e3 42. Kf1 Ke4 43. Ke2 f4 44. a6 g5 45. h3 h5 46. b4 g4 47. a7 f3+ 48. gxf3+ gxf3+ 49. Ke1 Kd3 0-1